000 00782nam a22002655i 4500
001 11739
003 ES-MaACL
005 20250905135816.0
007 t|
008 960117s1995 sp ||||0| spa j
020 _a84-7223-888-1
040 _aM-BN
_bspa
_cM-BN
080 _a839.8-31"19"
100 1 _aHoeg, Peter.
_963916
245 1 3 _aEl siglo de los sueños
_b: una novela /
_cPeter Hoeg ; traducido del danés por Ana Sofía Pascual.
250 _a1ª ed.
260 _aBarcelona :
_bTusquets,
_c1995.
300 _a400 p ;
_c22 cm.
490 1 _aColección Andanzas ;
_v246
700 0 _aPascual Pape, Ana Sofía
_989392
830 0 0 _aColección Andanzas
_v246
_9234359
852 _aES-MaACL
_jL-19038
_bR.124982
999 _c11739
_d11739